| 000 | 01287nam2a22002291 4500 | ||
|---|---|---|---|
| 001 | rc\551013 | ||
| 005 | 20250621170101.0 | ||
| 035 | _a(NLR Aleph) 005818739 | ||
| 090 |
_a5456962 _c5456962 |
||
| 100 | _a20030616d1988 |||y0rusy50 ca | ||
| 101 | 0 | _arus | |
| 102 | _aRU | ||
| 105 | _ay ||||||||| | ||
| 200 | 1 | _aСосудистые заболевания нервной системы. Неврология и психиатрия детского и подросткового возраста. Шизофрения | |
| 210 |
_d1988 _aБ. м. |
||
| 215 |
_a418 с. _d22 |
||
| 461 | 0 |
_1001rc\551011 _12001#$aВосьмой Всесоюзный съезд невропатологов, психиатров и наркологов, 25-28 окт. 1988 г., Москва$eТез. докл.$e[В 3 т.]$vТ. 2 _95456944 _aВсесоюзный съезд невропатологов, психиатров и наркологов (8 ; 1988 ; Москва) _cМ. _d1988- _nБ. и. _oТез. докл. : [В 3 т.] _tВосьмой Всесоюзный съезд невропатологов, психиатров и наркологов, 25-28 окт. 1988 г., Москва _vТ. 2 |
|
| 801 | 0 |
_aRU _bNLR _gpsbo |
|
| 801 | 1 |
_aRU _bELAR _2rusmarc |
|
| 852 |
_aNLR _j88-5/5617 |
||
| 942 | _cBOOK | ||
| 980 | _aNB | ||